000 00853nam a22002177a 4500
999 _c13260
_d13260
003 AR-CdUCM
008 190411b ||||| |||| 00| 0 spa d
040 _aMUNICIPALIDAD PROVINCIAL DEL CUSCO
_cBIBLIOTECA MUNICIPAL DEL CUSCO
082 _25 ed.
_a985.061 /
_bC16
100 _aCaivano, Tomas
_930529
245 _aHistoria de la guerra de américa entre Chile, Perú y Bolivia /
260 _aCallao :
_bMuseo naval.
_c1978
300 _a365 páginas ;
_c20 cm.
440 _aBiblioteca del oficial
_n3
_931578
505 _aContenido : Prefacio -- Sumario -- La cordillera de los andes -- Población de Bolivia -- El general Sucre da el ultimo golpe a la dominación española en el Perú ...
650 _aHistoria
_9136
650 _aGuerra
_91007
650 _aChile, Perú y Bolivia
_931579
942 _2ddc
_cLIBROS
945 _arah
_d11/04/2019